000 00506nam a22001817a 4500
005 20260101151917.0
008 260101b |||||||| |||| 00| 0 eng d
037 _cTB
040 _aAL
_cAL
084 _qAL
100 _aSawyer, Malcolm C.
_9861074
245 _aChallenge of Radical Political Economy
260 _aNew York, USA:
_bHarvester Wheat Sheaf,
_c1989
300 _axii, 479
365 _b26.95
_cUSD
942 _2CC
_cTB
_n0
999 _c1466781
_d1466781